00548nam a2200181 a 4500008004100000020002200041100002300063245005800086260005100144300004600195504004100241500002000282650001800302700001900320003000100339005001700340040000900357  a0030856582 (hbk.)1 aRosenberg, Eugene.10aMicrobial biology /cEugene Rosenberg, Irun R. Cohen. aPhiladelphia :bSaunders College Pub.,cc1983. axii, 433 p. :bill. (some col.) ;c25 cm. aIncludes bibliographical references. aIncludes index. 0aMicrobiology.1 aCohen, Irun R.20230123133546.0 cNUST